00350nam a2200109Ia 4500008004100000082001800041100001800059245003800077260004200115630001800157650006500175211109s9999||||xx |||||||||||||| ||und|| a822.33bONI-S aOnions, C T,  0aShakespeare Glossary, 2nd Edition bOxford University PressaBombayc1921 xGeneral Stack aEnglish & Old English literaturesvEnglish DramaxLiterature